The handbook for media handling

Bibliographic Details
Main Author: Clare, John
Format: Book
Published: New Delhi : Infinity Books , 2004
Subjects:

MARC

LEADER 00000cam a2200000 7i4500
001 0000020430
005 20080626.0
008 080626
020 |a 8179290824 
090 0 0 |a 659.2   |b CLA 
100 1 |a Clare, John 
245 1 4 |a The handbook for media handling   |c John Clare 
260 |a New Delhi :   |b Infinity Books ,   |c 2004 
650 0 |a Industrial publicity 
650 0 |a Mass media and business 
650 0 |a Public relations 
999 |a 0001023330   |b Book   |c Adult Collection   |e Perbadanan Perpustakaan Awam Johor